| 000 | 00789cam a22002651 4500 | ||
|---|---|---|---|
| 001 | 16432 | ||
| 003 | BD-RjUL | ||
| 005 | 20211209000017.0 | ||
| 008 | 140213s1952 enka 001 0 eng d | ||
| 035 | _a(BD-RjUL)16487 | ||
| 035 | _a(OCoLC)1853758 | ||
| 040 |
_aDLC _cNBiSU _dOCoLC _dUk _dBD-RjUL _beng |
||
| 041 | _aeng | ||
| 082 |
_a792.01 _bWOF 1952 |
||
| 100 | 1 |
_aWorsley, T. C. _q(Thomas Cuthbert), _d1907- _950807 |
|
| 245 | 1 | 4 |
_aThe fugitive art : _bdramatic commentaries, 1947-1951. |
| 260 |
_aLondon : _bJ. Lehmann, _c1952. |
||
| 300 |
_a263 p. : _billus. ; _c23 cm. |
||
| 500 | _aincludes index. | ||
| 650 | 0 |
_aDrama _xHistory and criticism. _950808 |
|
| 650 | 0 |
_aTheater _zEngland _zLondon _xHistory. _950429 |
|
| 942 |
_2ddc _cBK |
||
| 999 |
_c16432 _d16432 |
||